[Event "Oberliga Ost B"]
[Site "?"]
[Date "2022.05.01"]
[Round "3.1"]
[White "Galdunts, Sergey"]
[Black "Konopka, Michal"]
[Result "0-1"]
[WhiteElo "2413"]
[BlackElo "2383"]
[PlyCount "80"]
[EventDate "2021.10.10"]
[EventType "team-tourn"]
[EventCountry "GER"]
[WhiteTeam "Moerlenbach Birkenau Freibauer"]
[BlackTeam "Schoeneck SF"]
[WhiteTeamCountry "GER"]
[BlackTeamCountry "GER"]

1. d4 Nf6 2. Nf3 g6 3. Bg5 Bg7 4. Nbd2 O-O 5. e4 d6 6. c3 c5 7. Bd3 cxd4 8.
cxd4 h6 9. Be3 Ng4 10. Bf4 e5 11. Bg3 exd4 12. O-O Nc6 13. Bc4 Nge5 14. Bd5 Be6
15. Qb3 Qd7 16. Rfc1 Bxd5 17. exd5 Nxf3+ 18. Nxf3 Ne7 19. Rd1 Nf5 20. Ne1 Rfe8
21. Nd3 g5 22. Rd2 h5 23. f3 Re7 24. Bf2 Rae8 25. Rc1 Bh6 26. Qc4 g4 27. f4 Bg7
28. Qb3 h4 29. g3 hxg3 30. hxg3 Ne3 31. Nb4 Qf5 32. Qd3 Qh5 33. Nc2 Qh3 34.
Bxe3 Rxe3 35. Nxe3 Rxe3 36. Rc8+ Bf8 37. Qf1 Rxg3+ 38. Rg2 d3 39. Rc3 Bg7 40.
Rc8+ Kh7 0-1

[Event "Oberliga Ost B"]
[Site "?"]
[Date "2022.05.01"]
[Round "3.2"]
[White "Marchio, Enrico"]
[Black "Legde, Georg"]
[Result "0-1"]
[WhiteElo "2305"]
[BlackElo "2319"]
[PlyCount "98"]
[EventDate "2021.10.10"]
[EventType "team-tourn"]
[EventCountry "GER"]
[WhiteTeam "Schoeneck SF"]
[BlackTeam "Moerlenbach Birkenau Freibauer"]
[WhiteTeamCountry "GER"]
[BlackTeamCountry "GER"]

1. Nf3 c5 2. e4 Nc6 3. d3 g6 4. g3 Bg7 5. Bg2 Nf6 6. O-O O-O 7. Nbd2 d6 8. h3
Rb8 9. a4 a6 10. Nh4 e5 11. Nc4 b5 12. axb5 axb5 13. Ne3 Bb7 14. Bd2 Qd7 15. f4
exf4 16. gxf4 Ra8 17. Qf3 Nd4 18. Qf2 Nh5 19. Rxa8 Rxa8 20. c3 Nb3 21. Be1 Re8
22. Qc2 c4 23. d4 Bxe4 24. Bxe4 Nf6 25. Bf5 gxf5 26. Nhxf5 Kh8 27. Qg2 Rg8 28.
Kh1 Bf8 29. Qf3 Qe6 30. Rg1 Rg6 31. Nh4 Rxg1+ 32. Kxg1 Nc1 33. Nhf5 Qe4 34. Kg2
Nd3 35. Qxe4 Nxe4 36. Kf3 Nf6 37. Bh4 Nd7 38. Nd1 Nb6 39. Ke3 Nd5+ 40. Ke4
N5xf4 41. Bf6+ Kg8 42. h4 d5+ 43. Kf3 b4 44. Bg5 Ne6 45. Nfe3 Nxb2 46. Nxb2
bxc3 47. Nbxc4 Nxd4+ 48. Kf2 dxc4 49. Nxc4 Nb3 0-1

[Event "Oberliga Ost B"]
[Site "?"]
[Date "2022.05.01"]
[Round "3.3"]
[White "Felgendreher, Heiko"]
[Black "Heinatz, Thomas"]
[Result "1/2-1/2"]
[WhiteElo "2163"]
[BlackElo "2307"]
[PlyCount "82"]
[EventDate "2021.10.10"]
[EventType "team-tourn"]
[EventCountry "GER"]
[WhiteTeam "Moerlenbach Birkenau Freibauer"]
[BlackTeam "Schoeneck SF"]
[WhiteTeamCountry "GER"]
[BlackTeamCountry "GER"]

1. e4 c5 2. Nf3 d6 3. d4 cxd4 4. Nxd4 Nf6 5. Nc3 g6 6. Bc4 Bg7 7. Be3 a6 8. f3
b5 9. Bb3 Nbd7 10. Qd2 h5 11. O-O-O Bb7 12. Kb1 Rc8 13. Nde2 Ne5 14. Rhf1 Qc7
15. a3 Nc4 16. Bxc4 Qxc4 17. Qd4 O-O 18. Qxc4 Rxc4 19. Rd4 Rc7 20. Rb4 Rfc8 21.
a4 bxa4 22. Rxa4 Nd7 23. Ra1 Ne5 24. Rd1 Nc4 25. Bc1 a5 26. Nd4 Ra8 27. Ra2 Kh7
28. b3 Nb6 29. Na4 Nd7 30. c4 Be5 31. Be3 Ba6 32. Nc3 Rb8 33. Ncb5 Bxd4 34.
Nxc7 Rxb3+ 35. Kc2 Rc3+ 36. Kd2 Bxc4 37. Ra4 Rd3+ 38. Kc2 Rc3+ 39. Kd2 Rd3+ 40.
Kc2 Rc3+ 41. Kd2 Rd3+ 1/2-1/2

[Event "Oberliga Ost B"]
[Site "?"]
[Date "2022.05.01"]
[Round "3.4"]
[White "Nazarenus, Moritz"]
[Black "Dittmar, Peter"]
[Result "1/2-1/2"]
[WhiteElo "2232"]
[BlackElo "2249"]
[PlyCount "57"]
[EventDate "2021.10.10"]
[EventType "team-tourn"]
[EventCountry "GER"]
[WhiteTeam "Schoeneck SF"]
[BlackTeam "Moerlenbach Birkenau Freibauer"]
[WhiteTeamCountry "GER"]
[BlackTeamCountry "GER"]

1. d4 Nf6 2. c4 e6 3. Nf3 d5 4. Nc3 dxc4 5. Bg5 a6 6. a4 Nc6 7. e4 Na5 8. e5 h6
9. Bh4 g5 10. Nxg5 hxg5 11. Bxg5 Be7 12. exf6 Bxf6 13. Be3 b6 14. Be2 Bb7 15.
Bf3 Bd5 16. Bxd5 exd5 17. Qf3 c6 18. O-O Be7 19. Rfe1 Qd6 20. Bf4 Qg6 21. Re2
Kf8 22. Be5 Rh5 23. Rae1 Ra7 24. Bb8 Rb7 25. Be5 Qf5 26. Bf4 Qg6 27. Be5 Qf5
28. Bf4 Qg6 29. Be5 1/2-1/2

[Event "Oberliga Ost B"]
[Site "?"]
[Date "2022.05.01"]
[Round "3.5"]
[White "Boehmer, Christian"]
[Black "Meyer, Kai Christian"]
[Result "1/2-1/2"]
[WhiteElo "2176"]
[BlackElo "2230"]
[PlyCount "113"]
[EventDate "2021.10.10"]
[EventType "team-tourn"]
[EventCountry "GER"]
[WhiteTeam "Moerlenbach Birkenau Freibauer"]
[BlackTeam "Schoeneck SF"]
[WhiteTeamCountry "GER"]
[BlackTeamCountry "GER"]

1. e4 c6 2. d4 d5 3. exd5 cxd5 4. Nf3 Nc6 5. Bb5 a6 6. Bxc6+ bxc6 7. Ne5 Qb6 8.
c4 e6 9. O-O Ne7 10. Nc3 f6 11. Nf3 dxc4 12. Qe2 Nd5 13. Ne4 Be7 14. Qxc4 Qb5
15. Qc2 Rb8 16. a3 a5 17. Re1 O-O 18. Nfd2 Rd8 19. Nc3 Nxc3 20. bxc3 Qh5 21. a4
c5 22. Ba3 Bd6 23. Nf1 cxd4 24. cxd4 Bxa3 25. Qc7 Bb7 26. Rxa3 Rdc8 27. Qd7 Qd5
28. Qxe6+ Qxe6 29. Rxe6 Bd5 30. Re1 Rb4 31. Ne3 Rxd4 32. Nf5 Re4 33. Rd1 Rc2
34. Ne3 Ra2 35. Rc3 Be6 36. Rc7 h6 37. h3 Raxa4 38. Rd8+ Kh7 39. Ra8 Re5 40.
Raa7 Rg5 41. Kh2 Rf4 42. Re7 Bb3 43. f3 h5 44. Nf1 a4 45. Nd2 Rd4 46. Ne4 Rg6
47. Ra5 Rd5 48. Ra8 f5 49. Ree8 Rc6 50. Ng5+ Kg6 51. f4 Rdd6 52. Nf3 Ra6 53.
Rab8 Ra7 54. Rf8 Bf7 55. Rb5 Kf6 56. Ne5 g6 57. Nxf7 1/2-1/2

[Event "Oberliga Ost B"]
[Site "?"]
[Date "2022.05.01"]
[Round "3.6"]
[White "Kirchner, Markus"]
[Black "Wohlfart, Paulus"]
[Result "1-0"]
[WhiteElo "1963"]
[BlackElo "2109"]
[PlyCount "103"]
[EventDate "2021.10.10"]
[EventType "team-tourn"]
[EventCountry "GER"]
[WhiteTeam "Schoeneck SF"]
[BlackTeam "Moerlenbach Birkenau Freibauer"]
[WhiteTeamCountry "GER"]
[BlackTeamCountry "GER"]

1. e4 e5 2. Nf3 Nf6 3. Nxe5 d6 4. Nf3 Nxe4 5. d4 Be7 6. Bd3 Nf6 7. h3 O-O 8.
O-O Re8 9. c4 Nbd7 10. Nc3 Nf8 11. Rb1 d5 12. c5 Be6 13. b4 Qc8 14. Bf4 Ng6 15.
Bh2 Nh5 16. Ne5 Nhf4 17. Nxg6 Nxg6 18. Bg3 Bf6 19. Re1 Bxd4 20. Nb5 Bf6 21.
Nxc7 Rd8 22. Nxa8 Qxa8 23. Qf3 Qc8 24. Rec1 Bg5 25. Rc2 f5 26. Bd6 Qd7 27. Re1
Qf7 28. Rce2 Bd7 29. b5 h6 30. g3 f4 31. Qh5 Nh8 32. Qxf7+ Nxf7 33. Bxf4 Bf6
34. Kg2 g5 35. Bc1 Bc3 36. Bd2 Bd4 37. Be3 Bc3 38. Rc1 Bf6 39. f4 d4 40. Bd2
Rc8 41. a4 g4 42. h4 Kg7 43. Kf2 h5 44. Ree1 Nd8 45. f5 a6 46. bxa6 Bxa4 47.
axb7 Nxb7 48. Ba6 Bc6 49. Re6 Bd5 50. Bxb7 Bxb7 51. c6 Ba8 52. Bg5 1-0

[Event "Oberliga Ost B"]
[Site "?"]
[Date "2022.05.01"]
[Round "3.7"]
[White "Schaefer, Michael"]
[Black "Weiss, Matthias"]
[Result "1/2-1/2"]
[WhiteElo "2133"]
[BlackElo "2040"]
[PlyCount "62"]
[EventDate "2021.10.10"]
[EventType "team-tourn"]
[EventCountry "GER"]
[WhiteTeam "Moerlenbach Birkenau Freibauer"]
[BlackTeam "Schoeneck SF"]
[WhiteTeamCountry "GER"]
[BlackTeamCountry "GER"]

1. c4 e5 2. g3 Nf6 3. Bg2 d5 4. cxd5 Nxd5 5. Nc3 Nb6 6. d3 Be7 7. Nf3 Nc6 8.
O-O O-O 9. a4 a5 10. Nb5 Be6 11. Bd2 f6 12. Rc1 Rc8 13. Rxc6 bxc6 14. Na7 Ra8
15. Nxc6 Qd7 16. Qc2 Bd5 17. Nxe7+ Qxe7 18. e4 Bf7 19. d4 Qd7 20. dxe5 Qxa4 21.
Qxc7 Nc4 22. e6 Bxe6 23. b3 Qxb3 24. Nd4 Qb8 25. Qxb8 Rfxb8 26. Bf4 Bd7 27.
Bxb8 Rxb8 28. Rc1 Nd2 29. f3 Rb1 30. Rxb1 Nxb1 31. Bf1 Nc3 1/2-1/2

[Event "Oberliga Ost B"]
[Site "?"]
[Date "2022.05.01"]
[Round "3.8"]
[White "Mueller, Achim"]
[Black "Schiffer, Steve"]
[Result "1/2-1/2"]
[WhiteElo "2101"]
[BlackElo "2069"]
[PlyCount "117"]
[EventDate "2021.10.10"]
[EventType "team-tourn"]
[EventCountry "GER"]
[WhiteTeam "Schoeneck SF"]
[BlackTeam "Moerlenbach Birkenau Freibauer"]
[WhiteTeamCountry "GER"]
[BlackTeamCountry "GER"]

1. e4 g6 2. d4 Bg7 3. Nc3 d6 4. Be3 c6 5. Qd2 b5 6. Nge2 Nd7 7. f4 Nb6 8. Ng3
Nf6 9. h3 h5 10. Bd3 h4 11. Nge2 a6 12. O-O Qc7 13. a4 e5 14. fxe5 dxe5 15.
axb5 cxb5 16. Bg5 exd4 17. Nxb5 axb5 18. Rxa8 Nxa8 19. Rxf6 Qc5 20. Rf1 Nc7 21.
Qf4 Be6 22. Bf6 Bh6 23. Qe5 Be3+ 24. Kh1 Rh5 25. Qxc5 Rxc5 26. Nxd4 Bc4 27. Re1
Bxd3 28. cxd3 Bf2 29. Rf1 Bxd4 30. Bxd4 Rc2 31. Rf2 Rc1+ 32. Kh2 Rd1 33. Rf3
Ne6 34. Bf6 Kf8 35. Bxh4 Nc5 36. Bf6 Nxd3 37. Kg3 Ke8 38. h4 Nc5 39. Kf4 Re1
40. e5 b4 41. g4 Re2 42. Rh3 Ne6+ 43. Kg3 Rxb2 44. Rh1 b3 45. h5 gxh5 46. gxh5
Rc2 47. h6 Nf8 48. h7 Nxh7 49. Rxh7 b2 50. Rh8+ Kd7 51. Rb8 Kc7 52. Rb3 Kc6 53.
Kf4 Kc5 54. Ke4 Kc4 55. Rb8 Re2+ 56. Kf3 Rh2 57. Ke4 Re2+ 58. Kf3 Rh2 59. Ke4
1/2-1/2

[Event "Oberliga Ost B"]
[Site "?"]
[Date "2022.05.01"]
[Round "3.1"]
[White "Heinz, Axel"]
[Black "Geske, Julian"]
[Result "1/2-1/2"]
[WhiteElo "2438"]
[BlackElo "2374"]
[PlyCount "28"]
[EventDate "2021.10.10"]
[EventType "team-tourn"]
[EventCountry "GER"]
[WhiteTeam "Oberursel SV"]
[BlackTeam "Wiesbadener SV"]
[WhiteTeamCountry "GER"]
[BlackTeamCountry "GER"]

1. e4 e5 2. Nf3 Nc6 3. Bb5 a6 4. Ba4 Nf6 5. O-O Nxe4 6. d4 b5 7. Bb3 d5 8. dxe5
Be6 9. Nbd2 Nc5 10. c3 d4 11. Bxe6 Nxe6 12. cxd4 Ncxd4 13. a4 Bb4 14. axb5 Nxb5
1/2-1/2

[Event "Oberliga Ost B"]
[Site "?"]
[Date "2022.05.01"]
[Round "3.2"]
[White "Alienkin, Aleksander"]
[Black "Margolin, Boris"]
[Result "1/2-1/2"]
[WhiteElo "2362"]
[BlackElo "2402"]
[PlyCount "37"]
[EventDate "2021.10.10"]
[EventType "team-tourn"]
[EventCountry "GER"]
[WhiteTeam "Wiesbadener SV"]
[BlackTeam "Oberursel SV"]
[WhiteTeamCountry "GER"]
[BlackTeamCountry "GER"]

1. d4 Nf6 2. Nf3 d6 3. c4 c6 4. Nc3 Nbd7 5. e4 e5 6. Be2 Be7 7. O-O a6 8. Rb1
O-O 9. Re1 b5 10. b4 Bb7 11. dxe5 Nxe5 12. Nxe5 dxe5 13. Be3 Qc7 14. Qb3 Bc8
15. Rec1 Qb7 16. cxb5 axb5 17. a4 Be6 18. Qc2 Rfc8 19. f3 1/2-1/2

[Event "Oberliga Ost B"]
[Site "?"]
[Date "2022.05.01"]
[Round "3.3"]
[White "Dubiel, Jacek"]
[Black "Bakiev, Diyor"]
[Result "1/2-1/2"]
[WhiteElo "2419"]
[BlackElo "2147"]
[PlyCount "68"]
[EventDate "2021.10.10"]
[EventType "team-tourn"]
[EventCountry "GER"]
[WhiteTeam "Oberursel SV"]
[BlackTeam "Wiesbadener SV"]
[WhiteTeamCountry "GER"]
[BlackTeamCountry "GER"]

1. e4 c6 2. d4 d5 3. e5 Bf5 4. h4 h5 5. c4 e6 6. Nc3 Ne7 7. Nge2 Nd7 8. Ng3 Bg6
9. Bg5 Qb6 10. Rc1 Qxb2 11. Bd3 Bxd3 12. Qxd3 dxc4 13. Qxc4 Nb6 14. Qd3 Ned5
15. Nxd5 Nxd5 16. O-O Nb4 17. Qd1 Qxa2 18. Nxh5 Qa3 19. Rb1 b6 20. Rb3 Qa4 21.
Ng3 Be7 22. Ne4 Bxg5 23. Nxg5 Rd8 24. Qf3 Rd7 25. g3 Nc2 26. Rd3 Nxd4 27. Qg4
c5 28. Ne4 Kf8 29. Nd6 Qc6 30. Re1 Nb5 31. Qa4 Rh5 32. Rb3 a6 33. Qxa6 Nxd6 34.
Rxb6 Qc8 1/2-1/2

[Event "Oberliga Ost B"]
[Site "?"]
[Date "2022.05.01"]
[Round "3.4"]
[White "Gottschalk, Jens"]
[Black "Akbarinia, Sayed Arash"]
[Result "1/2-1/2"]
[WhiteElo "2265"]
[BlackElo "2377"]
[PlyCount "103"]
[EventDate "2021.10.10"]
[EventType "team-tourn"]
[EventCountry "GER"]
[WhiteTeam "Wiesbadener SV"]
[BlackTeam "Oberursel SV"]
[WhiteTeamCountry "GER"]
[BlackTeamCountry "GER"]

1. d4 d5 2. c4 e6 3. Nf3 Nf6 4. g3 Nbd7 5. Bg2 a6 6. O-O dxc4 7. Qc2 c5 8. a4
cxd4 9. Nxd4 Nb6 10. a5 Qxd4 11. Be3 Qe5 12. Bxb6 Nd5 13. f4 Qd6 14. Rd1 Bd7
15. Na3 Qb4 16. Bxd5 Bc5+ 17. e3 Bxb6 18. axb6 exd5 19. Rxd5 Be6 20. Rd4 g6 21.
Nxc4 O-O 22. Qc3 Qb5 23. Ra5 Qc6 24. b3 Rad8 25. e4 Bxc4 26. Qxc4 Qxb6 27. Rad5
Rc8 28. Qb4 Rc1+ 29. Kg2 Rc2+ 30. Kh3 Qe6+ 31. f5 Qf6 32. Rd2 Rxd2 33. Qxd2 Re8
34. Qd3 Kg7 35. Rd7 Re7 36. Rxe7 Qxe7 37. Qc3+ Qf6 38. Qc8 b5 39. Qc5 h5 40. b4
Qa1 41. fxg6 fxg6 42. Qe7+ Kh6 43. Qf8+ Kh7 44. Qe7+ Kh6 45. Qf8+ Kh7 46. Qf4
Qd4 47. e5 Qd7+ 48. Kg2 Qd5+ 49. Kh3 Qe6+ 50. Kg2 Qd5+ 51. Kh3 Qe6+ 52. Kg2
1/2-1/2

[Event "Oberliga Ost B"]
[Site "?"]
[Date "2022.05.01"]
[Round "3.5"]
[White "Stork, Oliver"]
[Black "Minor, Samuel"]
[Result "1-0"]
[WhiteElo "2313"]
[BlackElo "2253"]
[PlyCount "57"]
[EventDate "2021.10.10"]
[EventType "team-tourn"]
[EventCountry "GER"]
[WhiteTeam "Oberursel SV"]
[BlackTeam "Wiesbadener SV"]
[WhiteTeamCountry "GER"]
[BlackTeamCountry "GER"]

1. b3 Nf6 2. Bb2 g6 3. g3 Bg7 4. Bg2 d5 5. c4 d4 6. Nf3 c5 7. b4 Nc6 8. bxc5
Nd7 9. d3 Nxc5 10. Nbd2 O-O 11. Ba3 Qa5 12. Bxc5 Qxc5 13. O-O Rb8 14. Rb1 a6
15. Qc1 Bh6 16. Qb2 e5 17. Qb6 Qe7 18. Nb3 f5 19. Na5 Nxa5 20. Qxa5 Bg7 21. Rb6
Kh8 22. Nd2 Rf6 23. Rfb1 Rxb6 24. Rxb6 Bf8 25. Nb3 Kg7 26. Qd5 Kh8 27. c5 Qc7
28. f4 Bg7 29. Rd6 1-0

[Event "Oberliga Ost B"]
[Site "?"]
[Date "2022.05.01"]
[Round "3.6"]
[White "Ochs, Daniel Elias"]
[Black "Weber, Samuel"]
[Result "1-0"]
[WhiteElo "2040"]
[BlackElo "2265"]
[PlyCount "159"]
[EventDate "2021.10.10"]
[EventType "team-tourn"]
[EventCountry "GER"]
[WhiteTeam "Wiesbadener SV"]
[BlackTeam "Oberursel SV"]
[WhiteTeamCountry "GER"]
[BlackTeamCountry "GER"]

1. d4 Nf6 2. Nf3 e6 3. e3 d5 4. c4 c5 5. a3 a6 6. dxc5 Bxc5 7. b4 Be7 8. Bb2
O-O 9. Nbd2 Nc6 10. Be2 dxc4 11. Nxc4 b5 12. Nce5 Nxe5 13. Nxe5 Bb7 14. O-O Rc8
15. Rc1 Rxc1 16. Qxc1 Qa8 17. Bf3 Bxf3 18. Nxf3 Rc8 19. Qa1 Ne8 20. h3 Bf8 21.
Qb1 h6 22. Ne5 Qb7 23. Bd4 Nd6 24. Rd1 Nc4 25. Nxc4 bxc4 26. Rc1 Qb5 27. Qc2
Bd6 28. Bc3 Bb8 29. Rd1 Qc6 30. Qe2 Qe4 31. Qb2 e5 32. a4 f6 33. b5 axb5 34.
axb5 Qb7 35. b6 Rc6 36. Rd8+ Kf7 37. Qb5 Bd6 38. Qd5+ Kg6 39. Rxd6 Rxb6 40.
Qxb7 Rxb7 41. Rc6 Rb1+ 42. Kh2 h5 43. Rxc4 Rc1 44. Rc7 Rc2 45. f3 Re2 46. e4
Ra2 47. h4 Kh6 48. Bb4 Ra8 49. Kg3 Rd8 50. Kf2 Kg6 51. Ke2 Kh6 52. g3 Kg6 53.
Bc3 Ra8 54. f4 Ra2+ 55. Kf3 exf4 56. gxf4 Rh2 57. Be1 Rh1 58. Rc1 Rf1+ 59. Kg3
Rg1+ 60. Kf2 Rg4 61. Kf3 Kf7 62. Rc5 g6 63. Bf2 Ke7 64. Rc1 f5 65. e5 Ke6 66.
Rd1 g5 67. hxg5 h4 68. Rh1 Kf7 69. Rxh4 Rxh4 70. Bxh4 Kg6 71. Ke3 Kh5 72. e6
Kg6 73. Kd4 Kg7 74. Ke5 Kg6 75. Be1 Kh5 76. e7 Kg6 77. e8=Q+ Kh7 78. Ke6 Kg7
79. Bc3+ Kh7 80. Qf7# 1-0

[Event "Oberliga Ost B"]
[Site "?"]
[Date "2022.05.01"]
[Round "3.7"]
[White "Schlamp, Robert"]
[Black "Ochs, Holger"]
[Result "1-0"]
[WhiteElo "2259"]
[BlackElo "2226"]
[PlyCount "49"]
[EventDate "2021.10.10"]
[EventType "team-tourn"]
[EventCountry "GER"]
[WhiteTeam "Oberursel SV"]
[BlackTeam "Wiesbadener SV"]
[WhiteTeamCountry "GER"]
[BlackTeamCountry "GER"]

1. e4 e6 2. d4 d5 3. Nc3 Bb4 4. e5 c5 5. a3 Bxc3+ 6. bxc3 Qa5 7. Bd2 Qa4 8. Nf3
b6 9. h4 Ne7 10. h5 h6 11. Rh4 c4 12. Rf4 Nbc6 13. Nh4 Bd7 14. Ra2 Rf8 15. Qg4
Qb5 16. Ra1 Qb2 17. Qd1 O-O-O 18. Rg4 f6 19. Rxg7 fxe5 20. dxe5 Nf5 21. Nxf5
Rxf5 22. f4 Rdf8 23. Rg3 Rxh5 24. Rb1 Qa2 25. Qc1 1-0

[Event "Oberliga Ost B"]
[Site "?"]
[Date "2022.05.01"]
[Round "3.8"]
[White "Tuzi, Bruna"]
[Black "Chandler, Patrick"]
[Result "1/2-1/2"]
[WhiteElo "1991"]
[BlackElo "2151"]
[PlyCount "34"]
[EventDate "2021.10.10"]
[EventType "team-tourn"]
[EventCountry "GER"]
[WhiteTeam "Wiesbadener SV"]
[BlackTeam "Oberursel SV"]
[WhiteTeamCountry "GER"]
[BlackTeamCountry "GER"]

1. e4 d6 2. d4 Nf6 3. Nc3 Nc6 4. Nf3 Bg4 5. Be2 e6 6. O-O Be7 7. Be3 d5 8. exd5
exd5 9. Re1 O-O 10. h3 Bxf3 11. Bxf3 Nb8 12. Qd3 c6 13. Ne2 Nbd7 14. Ng3 g6 15.
Bh6 Re8 16. h4 Bf8 17. Qd2 Rxe1+ 1/2-1/2

[Event "Oberliga Ost B"]
[Site "?"]
[Date "2022.05.21"]
[Round "4.1"]
[White "Kunin, Vitaly"]
[Black "Teske, Henrik"]
[Result "1/2-1/2"]
[WhiteElo "2539"]
[BlackElo "2462"]
[PlyCount "100"]
[EventDate "2021.10.10"]
[EventType "team-tourn"]
[EventCountry "GER"]
[WhiteTeam "Moerlenbach Birkenau Freibauer"]
[BlackTeam "Erfurt SV Empor"]
[WhiteTeamCountry "GER"]
[BlackTeamCountry "GER"]

1. d4 Nf6 2. c4 e6 3. Nf3 b6 4. g3 Ba6 5. Qb3 c5 6. d5 Be7 7. Nc3 exd5 8. cxd5
O-O 9. Bg2 d6 10. O-O Nbd7 11. a4 Re8 12. Re1 Ng4 13. h3 Nge5 14. Nd2 Bf8 15.
Nb5 Bb7 16. Ne4 Qb8 17. f4 Ng6 18. Bd2 a6 19. Nbc3 Qd8 20. Ng5 Qc7 21. Qc4 Be7
22. Nf3 Bf6 23. e4 Rab8 24. h4 Qd8 25. h5 Ngf8 26. g4 h6 27. e5 b5 28. axb5
axb5 29. Nxb5 dxe5 30. Ba5 Nb6 31. Qxc5 Nfd7 32. Bxb6 Nxc5 33. Bxd8 Rexd8 34.
fxe5 Bxd5 35. exf6 Bxf3 36. Bxf3 Rxb5 37. Re5 gxf6 38. Rf5 Rb3 39. Rf1 Ne6 40.
Rxf6 Rd2 41. Rxf7 Ng5 42. Rf5 Nxf3+ 43. R5xf3 Rxf3 44. Rxf3 Rxb2 45. Rf6 Kg7
46. Rg6+ Kh7 47. g5 hxg5 48. Rxg5 Kh6 49. Rg2 Rxg2+ 50. Kxg2 Kxh5 1/2-1/2

[Event "Oberliga Ost B"]
[Site "?"]
[Date "2022.05.21"]
[Round "4.3"]
[White "Galdunts, Sergey"]
[Black "Urban, Lars"]
[Result "1-0"]
[WhiteElo "2413"]
[BlackElo "2201"]
[PlyCount "149"]
[EventDate "2021.10.10"]
[EventType "team-tourn"]
[EventCountry "GER"]
[WhiteTeam "Moerlenbach Birkenau Freibauer"]
[BlackTeam "Erfurt SV Empor"]
[WhiteTeamCountry "GER"]
[BlackTeamCountry "GER"]

1. e4 e6 2. d3 d5 3. Nd2 Nf6 4. Ngf3 Nc6 5. c3 e5 6. b4 Bd6 7. Bb2 O-O 8. g3
dxe4 9. dxe4 Qe7 10. Qc2 a5 11. a3 Bg4 12. Be2 Nd7 13. O-O f5 14. exf5 Bxf5 15.
Ne4 Kh8 16. Rfe1 axb4 17. axb4 Rxa1 18. Bxa1 Nf6 19. Bd3 Nxe4 20. Bxe4 Bxe4 21.
Qxe4 Qf6 22. Kg2 Nd8 23. Re2 c6 24. Nxe5 Bxe5 25. Qxe5 Qf3+ 26. Kg1 Nf7 27. Qe3
Qf5 28. Qc5 Qb1+ 29. Kg2 Kg8 30. Bb2 Qd3 31. Qe3 Qxe3 32. Rxe3 Nd6 33. Rd3 Nc4
34. Bc1 Ra8 35. Rd7 Ra1 36. Bf4 Ra3 37. Rxb7 Rxc3 38. h4 h6 39. h5 Rb3 40. Kh3
Kh7 41. Kg2 Kg8 42. Bc7 Rd3 43. Bb8 Rd5 44. g4 Ne5 45. Bxe5 Rxe5 46. Kf3 Re6
47. Rc7 Kf8 48. Kf4 Kg8 49. f3 Kh7 50. Kf5 Rd6 51. Ke5 Rd5+ 52. Ke4 Rb5 53.
Rxc6 Rxb4+ 54. Ke5 Rb5+ 55. Kd4 Rb3 56. f4 Rg3 57. Rg6 Kg8 58. Ke4 Kf7 59. Kf5
Ra3 60. Re6 Ra5+ 61. Re5 Ra1 62. Rb5 Ra8 63. Rb7+ Kg8 64. g5 Ra5+ 65. Kg4 hxg5
66. fxg5 Ra4+ 67. Kf3 Ra3+ 68. Ke4 Ra4+ 69. Kd3 Ra5 70. g6 Kf8 71. Rb8+ Ke7 72.
h6 Ra3+ 73. Kc4 Ra4+ 74. Kb3 Ra1 75. Kb2 1-0

[Event "Oberliga Ost B"]
[Site "?"]
[Date "2022.05.21"]
[Round "4.4"]
[White "Reucker, Friedrich"]
[Black "Legde, Georg"]
[Result "0-1"]
[WhiteElo "1981"]
[BlackElo "2315"]
[PlyCount "90"]
[EventDate "2021.10.10"]
[EventType "team-tourn"]
[EventCountry "GER"]
[WhiteTeam "Erfurt SV Empor"]
[BlackTeam "Moerlenbach Birkenau Freibauer"]
[WhiteTeamCountry "GER"]
[BlackTeamCountry "GER"]

1. c4 c5 2. g3 Nc6 3. Bg2 g6 4. Nc3 Bg7 5. Nf3 e6 6. d4 cxd4 7. Nb5 d5 8. Nfxd4
Nxd4 9. Nxd4 dxc4 10. Qa4+ Bd7 11. Qxc4 Rc8 12. Qd3 Qb6 13. Be3 Qb4+ 14. Qd2
Qxd2+ 15. Kxd2 Nf6 16. Rac1 Ng4 17. Rxc8+ Bxc8 18. Rc1 O-O 19. h3 Nxe3 20. Kxe3
a6 21. Rc2 e5 22. Nb3 Bf5 23. Rc7 Bh6+ 24. f4 exf4+ 25. gxf4 Re8+ 26. Kf2 Bxf4
27. Rxb7 Be3+ 28. Kg3 g5 29. Bd5 Be6 30. Bxe6 Rxe6 31. Kf3 h5 32. Na5 f5 33.
Nc4 g4+ 34. Kg2 Bd4 35. e3 Bxe3 36. hxg4 hxg4 37. Nxe3 Rxe3 38. Rb6 Kf7 39.
Rxa6 Re2+ 40. Kg3 Rxb2 41. a4 Rb3+ 42. Kg2 f4 43. a5 Rb2+ 44. Kf1 Ra2 45. Ra7+
Kf6 0-1

[Event "Oberliga Ost B"]
[Site "?"]
[Date "2022.05.21"]
[Round "4.5"]
[White "Wohlfart, Paulus"]
[Black "Michalowski, Peter"]
[Result "1/2-1/2"]
[WhiteElo "2118"]
[BlackElo "2107"]
[PlyCount "81"]
[EventDate "2021.10.10"]
[EventType "team-tourn"]
[EventCountry "GER"]
[WhiteTeam "Moerlenbach Birkenau Freibauer"]
[BlackTeam "Erfurt SV Empor"]
[WhiteTeamCountry "GER"]
[BlackTeamCountry "GER"]

1. d4 Nf6 2. c4 e6 3. Nf3 d5 4. Nc3 Bb4 5. e3 O-O 6. Bd2 Re8 7. a3 Bf8 8. Bd3
Nbd7 9. O-O h6 10. e4 dxe4 11. Nxe4 b6 12. Bc3 Bb7 13. Qe2 Nxe4 14. Bxe4 Bxe4
15. Qxe4 c5 16. Rad1 Qc7 17. Rfe1 Red8 18. d5 exd5 19. Rxd5 Rac8 20. Nh4 Nb8
21. Nf5 Nc6 22. Re3 Rxd5 23. cxd5 Nd4 24. Nxd4 cxd4 25. Qxd4 Qc5 26. Qxc5 Bxc5
27. Rd3 Bd6 28. Kf1 f6 29. h3 Kf7 30. Ke2 Ke7 31. Re3+ Kd7 32. Kf3 Rc5 33. Rd3
Be5 34. Bxe5 fxe5 35. Rd2 Kd6 36. Ke4 g6 37. g3 Rc4+ 38. Ke3 Rc5 39. Ke4 Rc4+
40. Ke3 Rc5 41. Ke4 1/2-1/2

[Event "Oberliga Ost B"]
[Site "?"]
[Date "2022.05.21"]
[Round "4.6"]
[White "Rudnizki, Sergej"]
[Black "Schaefer, Michael"]
[Result "1/2-1/2"]
[WhiteElo "2116"]
[BlackElo "2123"]
[PlyCount "33"]
[EventDate "2021.10.10"]
[EventType "team-tourn"]
[EventCountry "GER"]
[WhiteTeam "Erfurt SV Empor"]
[BlackTeam "Moerlenbach Birkenau Freibauer"]
[WhiteTeamCountry "GER"]
[BlackTeamCountry "GER"]

1. e4 c5 2. Nf3 Nc6 3. d4 cxd4 4. Nxd4 g6 5. c4 Nf6 6. Nc3 Nxd4 7. Qxd4 d6 8.
Be3 Bg7 9. f3 O-O 10. Qd2 a5 11. b3 Bd7 12. Rc1 Bc6 13. Be2 Nd7 14. O-O Nc5 15.
Nd5 Bxd5 16. cxd5 Qb6 17. Rc4 1/2-1/2

[Event "Oberliga Ost B"]
[Site "?"]
[Date "2022.05.21"]
[Round "4.7"]
[White "Schiffer, Steve"]
[Black "Nicolai, Tim"]
[Result "0-1"]
[WhiteElo "2069"]
[BlackElo "1945"]
[PlyCount "94"]
[EventDate "2021.10.10"]
[EventType "team-tourn"]
[EventCountry "GER"]
[WhiteTeam "Moerlenbach Birkenau Freibauer"]
[BlackTeam "Erfurt SV Empor"]
[WhiteTeamCountry "GER"]
[BlackTeamCountry "GER"]

1. e4 c5 2. Nf3 g6 3. d4 cxd4 4. Nxd4 Nf6 5. Nc3 d6 6. Be2 Bg7 7. O-O O-O 8.
Be3 Nc6 9. h3 Bd7 10. f4 Rc8 11. Nb3 a6 12. Qe1 b5 13. a3 Na5 14. Nxa5 Qxa5 15.
Bd3 Kh8 16. Qf2 Qc7 17. Rae1 Qb7 18. Bc1 Rxc3 19. bxc3 Rc8 20. Bd2 Bc6 21. e5
Ne4 22. Bxe4 Bxe4 23. Qe2 d5 24. Rc1 e6 25. Be1 Bf8 26. Ra1 Rc4 27. Kh2 Qc7 28.
Ra2 Ra4 29. Bd2 Be7 30. Rfa1 Qc6 31. Qe1 Kg7 32. g4 h6 33. Qg3 Kh7 34. h4 Qc4
35. Be1 Qe2+ 36. Bf2 Bc5 37. Kg1 Bxf2+ 38. Qxf2 Qxg4+ 39. Kh2 Bf5 40. Qg3 Qe2+
41. Kg1 Re4 42. Rf1 Re3 43. Qg2 Qc4 44. Qf2 Qxc3 45. Raa1 Rg3+ 46. Kh2 Rh3+ 47.
Kg1 Be4 0-1